00987nab a22002297a 4500999001500000003000400015005001700019008004100036040000700077100003600084245005400120260004200174300001300216500003600229505019700265505008900462650002600551650002800577650001900605773012000624942001300744 c6475d6475OSt20260212124112.0190506c xxu||||| |||| 00| 0 spa d cPJ 97093aPérez Arias, Clementina10aIncidencia del compliance en el derecho laboral / aBuenos Aires :bAbeledoPerrot,c2023. ap. 10-20 aCita: TR LALEY AR/DOC/732/2023. aSumario: I. Compliance. —II. Aplicación del compliance en las empresas argentinas.— III. Cumplimiento en la relación laboral.— IV. Jurisprudencia.— V. Conclusión.— VI. Resumen. t¿Te interesa el texto completo? Comunicate al correo: koha@justierradelfuego.gov.ar 091316aDERECHO LABORAL 091578aETICA PROFESIONAL 092062aABOGADOS0 0275193202dBuenos Aires : AbeledoPerrot, 2013-tRevista de derecho laboral y seguridad social. Nº 10 - Mayo 2023 2udccANA